Edmund Spenser /

Bibliographic Details
Main Author: Oram, William A.
Format: Book
Language:English
Published: New York : London : Twayne ; Prentice Hall International, [1997]
Series:Twayne's English authors series ; TEAS 535.
Subjects:

MARC

Tag First Indicator Second Indicator Subfields
LEADER 00000cam a2200000 a 4500
001 in00001331967
005 20151006052002.0
008 960926s1997 nyua b 001 0deng
010 |a  96044377  
020 |a 0805786228 (alk. paper) 
035 |a (OCoLC)35673512 
035 |9 AHF7382AM 
040 |a DLC  |c DLC  |d TXA  |d UtOrBLW 
049 |a TXAM 
050 0 0 |a PR2364  |b .O78 1997 
082 0 0 |a 821/.3  |2 21 
100 1 |a Oram, William A. 
245 1 0 |a Edmund Spenser /  |c William Allan Oram. 
264 1 |a New York :  |b Twayne ;  |a London :  |b Prentice Hall International,  |c [1997] 
264 4 |c ©1997 
300 |a xvi, 347 pages :  |b illustrations ;  |c 23 cm. 
336 |a text  |b txt  |2 rdacontent 
337 |a unmediated  |b n  |2 rdamedia 
338 |a volume  |b nc  |2 rdacarrier 
490 1 |a Twayne's English authors series ;  |v TEAS 535 
504 |a Includes bibliographical references (pages 335-339) and indexes. 
600 1 0 |a Spenser, Edmund,  |d 1552?-1599  |x Criticism and interpretation. 
830 0 |a Twayne's English authors series ;  |v TEAS 535. 
999 |a MARS 
999 f f |s e35829b0-23c4-3c9c-bd7a-396772b77d67  |i b22127d6-571a-349e-a557-64f0cc622d2b  |t 0 
952 f f |p normal  |a Texas A&M University  |b College Station  |c Sterling C. Evans Library  |d Evans: Library Stacks  |t 0  |e PR2364 .O78 1997  |h Library of Congress classification  |i unmediated -- volume  |m A14820935905 
998 f f |a PR2364 .O78 1997  |t 0  |l Evans: Library Stacks